MAASAI MARA UNIVERSITY

LIBRARY CATALOGUE

Contact Us: +254 020 2685356/7 or 0774 057787

Box: 861-20500, NAROK, KENYA

Email: info@mmarau.ac.ke

Industrial/organizational psychology : (Record no. 23735)

MARC details
000 -LEADER
fixed length control field 01114nam a22002657a 4500
003 - CONTROL NUMBER IDENTIFIER
control field OSt
005 - DATE AND TIME OF LATEST TRANSACTION
control field 20170518103015.0
008 - FIXED-LENGTH DATA ELEMENTS--GENERAL INFORMATION
fixed length control field 170301b xxu||||| |||| 00| 0 eng d
020 ## - INTERNATIONAL STANDARD BOOK NUMBER
International Standard Book Number 0495093068
040 ## - CATALOGING SOURCE
Original cataloging agency MMU
Transcribing agency MMU
Modifying agency MMU
Language of cataloging eng
050 00 - LIBRARY OF CONGRESS CALL NUMBER
Classification number HF5548.8
Item number .A17 2007
082 00 - DEWEY DECIMAL CLASSIFICATION NUMBER
Classification number 158.7
Edition number 22
100 1# - MAIN ENTRY--PERSONAL NAME
Personal name Aamodt, Michael G.
245 10 - TITLE STATEMENT
Title Industrial/organizational psychology :
Remainder of title an applied approach /
Statement of responsibility, etc. Michael G. Aamodt.
250 ## - EDITION STATEMENT
Edition statement 5th ed.
260 ## - PUBLICATION, DISTRIBUTION, ETC. (IMPRINT)
Place of publication, distribution, etc. Belmont, CA :
Name of publisher, distributor, etc. Thomson-Belmont Wadsworth,
Date of publication, distribution, etc. c2007.
300 ## - PHYSICAL DESCRIPTION
Extent xvi, 632 p. :
Other physical details ill. ;
Dimensions 26 cm.
500 ## - GENERAL NOTE
General note Rev. ed. of: Applied industrial/organizational psychology. 4th ed. c2004.
650 #0 - SUBJECT ADDED ENTRY--TOPICAL TERM
Topical term or geographic name as entry element Psychology, Industrial.
700 1# - ADDED ENTRY--PERSONAL NAME
Personal name Aamodt, Michael G.
Title of a work Applied industrial/organizational psychology.
856 42 - ELECTRONIC LOCATION AND ACCESS
Materials specified Contributor biographical information
Uniform Resource Identifier <a href="http://www.loc.gov/catdir/enhancements/fy1515/2006923339-b.html">http://www.loc.gov/catdir/enhancements/fy1515/2006923339-b.html</a>
856 42 - ELECTRONIC LOCATION AND ACCESS
Materials specified Publisher description
Uniform Resource Identifier <a href="http://www.loc.gov/catdir/enhancements/fy1515/2006923339-d.html">http://www.loc.gov/catdir/enhancements/fy1515/2006923339-d.html</a>
856 41 - ELECTRONIC LOCATION AND ACCESS
Materials specified Table of contents only
Uniform Resource Identifier <a href="http://www.loc.gov/catdir/enhancements/fy1515/2006923339-t.html">http://www.loc.gov/catdir/enhancements/fy1515/2006923339-t.html</a>
942 ## - ADDED ENTRY ELEMENTS (KOHA)
Source of classification or shelving scheme Library of Congress Classification
Koha item type L
Holdings
Withdrawn status Lost status Source of classification or shelving scheme Damaged status Not for loan Home library Current library Date acquired Source of acquisition Total Checkouts Full call number Date last seen Price effective from Koha item type Barcode Date last checked out
    Library of Congress Classification     Maasai Mara University Library -Main Campus Maasai Mara University Library -Main Campus 03/01/2017 Donation -T4C   HF5548.8 .A17 2007 03/01/2017 03/01/2017 L    
    Library of Congress Classification     Maasai Mara University Library -Main Campus Maasai Mara University Library -Main Campus 04/24/2017 Donation -T4C 2 HF5548.8 .A17 2007 10/28/2024 04/24/2017 L 17031968 10/17/2024
    Library of Congress Classification     Maasai Mara University Library -Main Campus Maasai Mara University Library -Main Campus 05/09/2017 Donation-T4C 2 HF5548.8.A17 2007 04/20/2018 05/09/2017 L 17031941 04/18/2018
© 2016 Maasai Mara University.